000 01132nam a22002897a 4500
005 20080922151225.0
008 080922t xxu||||| |||| 00| 0 eng d
010 _aENG-91010
020 _a9788190634441
_c850.00
035 _aEN-74543
037 _bDBAD / VEN
040 _adpl
_bEnglish
082 _a270.82
100 _aAnsari, M. Z.
245 _aIslamic women:
_cby M.Z. Ansari
_bthen and now /
260 _aDelhi
_bPrashant Publishing House
_c2008
270 _aC-34, 28, Foota Road, Gali No. 3, West Karawal Nagar,
_bDelhi
_e110094
300 _a312p.
_c22cm (Hb)
500 _aIncludes bibliographical references and index
650 _a Muslim women.
650 _a Muslim women.
_zIndia
650 _aWomen’s rights.
651 _aIndia
_xSocial conditions
_y1947-
942 _2ddc
_cEN
_mANS
_h270.82
999 _c15551
_d15551